| 000 | 00526nam a2200181Ia 4500 | ||
|---|---|---|---|
| 008 | 151018s9999 xx 000 0 und d | ||
| 082 |
_bRBASDV28787 _a891.463 |
||
| 100 | _aभाऊ पाध्ये | ||
| 245 | _aदावेदार | ||
| 250 | _b1 | ||
| 260 |
_bशब्दालय प्रकाशन _c1996 |
||
| 300 | _a135 | ||
| 600 | _aभाऊ पाध्ये | ||
| 630 | _aदावेदार | ||
| 700 | _aभाऊ पाध्ये | ||
| 730 | _aदावेदार | ||
| 942 | _cBOOK | ||
| 999 |
_c1028356 _d1028353 |
||